Animal homes

Bibliographic Details
Main Author: Pathak,Kirti (Author)
Format: Book
Published: India : Om Books International 2020
Series:Slide and see series
Subjects:

MARC

LEADER 00000cam a2200000 7i4500
001 0000094170
005 20240820171548.0
020 |a 9789352764235 (  |q hardback) 
040 |e rda 
041 |a English 
090 0 0 |a JP   |b ANM ENG 
100 0 |a Pathak,Kirti ,   |e (author) 
245 1 0 |a Animal homes   |c Kirti Pathak 
264 1 |a India :   |b Om Books International   |c 2020 
300 |a (unpaged) :   |b colour illustration ;   |c 19 cm. 
336 |a text  |2 rdacontent 
337 |a unmediated  |2 rdamedia 
338 |a volume  |2 rdacarrier 
490 1 |a Slide and see series 
500 |a Children age 4-6 years old (yellow) 
541 |c Purchased on 2024   |f 6307 EVM   |h RM86.90 
650 0 |a Animal stories,English 
650 0 |a Children's stories,English 
700 0 |a Jithin ,   |e (artist) 
700 1 |a Dipankar, Manna ,   |e (artist) 
999 |a 0001789318   |b Book   |c Children Collection   |e Desa - PPAJ 
999 |a 0001789319   |b Book   |c Children Collection   |e Desa - PPAJ 
999 |a 0001789320   |b Book   |c Children Collection   |e Desa - PPAJ 
999 |a 0001789321   |b Book   |c Children Collection   |e Desa - PPAJ 
999 |a 0001789322   |b Book   |c Children Collection   |e Desa - PPAJ 
999 |a 0001789323   |b Book   |c Children Collection   |e Desa - PPAJ 
999 |a 0001789324   |b Book   |c Children Collection   |e Desa - PPAJ 
999 |a 0001789325   |b Book   |c Children Collection   |e Desa - PPAJ 
999 |a 0001789326   |b Book   |c Children Collection   |e Desa - PPAJ 
999 |a 0001789327   |b Book   |c Children Collection   |e Desa - PPAJ 
999 |a 0001789328   |b Book   |c Children Collection   |e Desa - PPAJ 
999 |a 0001789329   |b Book   |c Children Collection   |e Desa - PPAJ 
999 |a 0001789330   |b Book   |c Children Collection   |e Desa - PPAJ 
999 |a 0001789331   |b Book   |c Children Collection   |e Desa - PPAJ 
999 |a 0001789332   |b Book   |c Children Collection   |e Desa - PPAJ 
999 |a 0001789333   |b Book   |c Children Collection   |e Desa - PPAJ 
999 |a 0001789334   |b Book   |c Children Collection   |e Desa - PPAJ 
999 |a 0001789335   |b Book   |c Children Collection   |e Desa - PPAJ 
999 |a 0001789336   |b Book   |c Children Collection   |e Desa - PPAJ 
999 |a 0001789337   |b Book   |c Children Collection   |e Desa - PPAJ 
999 |a 0001789338   |b Book   |c Children Collection   |e Desa - PPAJ 
999 |a 0001789339   |b Book   |c Children Collection   |e Desa - PPAJ 
999 |a 0001789340   |b Book   |c Children Collection   |e Desa - PPAJ 
999 |a 0001789341   |b Book   |c Children Collection   |e Desa - PPAJ 
999 |a 0001789342   |b Book   |c Children Collection   |e Desa - PPAJ 
999 |a 0001789343   |b Book   |c Children Collection   |e Desa - PPAJ 
999 |a 0001789344   |b Book   |c Children Collection   |e Desa - PPAJ 
999 |a 0001789345   |b Book   |c Children Collection   |e Desa - PPAJ 
999 |a 0001789346   |b Book   |c Children Collection   |e Desa - PPAJ 
999 |a 0001789347   |b Book   |c Children Collection   |e Desa - PPAJ 
999 |a 0001789348   |b Book   |c Children Collection   |e Desa - PPAJ 
999 |a 0001789349   |b Book   |c Children Collection   |e Desa - PPAJ 
999 |a 0001789350   |b Book   |c Children Collection   |e Desa - PPAJ 
999 |a 0001789351   |b Book   |c Children Collection   |e Desa - PPAJ 
999 |a 0001789352   |b Book   |c Children Collection   |e Desa - PPAJ 
999 |a 0001789353   |b Book   |c Children Collection   |e Desa - PPAJ 
999 |a 0001789354   |b Book   |c Children Collection   |e Desa - PPAJ 
999 |a 0001789355   |b Book   |c Children Collection   |e Desa - PPAJ 
999 |a 0001789356   |b Book   |c Children Collection   |e Desa - PPAJ 
999 |a 0001789357   |b Book   |c Children Collection   |e Desa - PPAJ 
999 |a 0001789358   |b Book   |c Children Collection   |e Desa - PPAJ 
999 |a 0001789635   |b Book   |c Children Collection   |e Perbadanan Perpustakaan Awam Johor 
999 |a 0001789636   |b Book   |c Children Collection   |e Cawangan Urban Transformation Centre 
999 |a 0001789637   |b Book   |c Children Collection   |e Cawangan AEON Kulaijaya 
999 |a 0001789638   |b Book   |c Children Collection   |e Cawangan Tmn. Ungku Tun Aminah 
999 |a 0001789639   |b Book   |c Children Collection   |e Cawangan Taman Sri Lambak 
999 |a 0001789640   |b Book   |c Children Collection   |e Cawangan Bandar Penawar 
999 |a 0001789641   |b Book   |c Children Collection   |e Cawangan Taman Universiti 
999 |a 0001789642   |b Book   |c Children Collection   |e Cawangan Tangkak 
999 |a 0001789643   |b Book   |c Children Collection   |e Cawangan Mersing 
999 |a 0001789644   |b Book   |c Children Collection   |e Cawangan Kota Tinggi 
999 |a 0001789645   |b Book   |c Children Collection   |e Cawangan Bukit Gambir 
999 |a 0001789646   |b Book   |c Children Collection   |e Cawangan Batu Pahat 
999 |a 0001789647   |b Book   |c Children Collection   |e Cawangan Muar 
999 |a 0001789648   |b Book   |c Children Collection   |e Cawangan Pontian 
999 |a 0001789649   |b Book   |c Children Collection   |e Cawangan Bandar Tenggara 
999 |a 0001789650   |b Book   |c Children Collection   |e Cawangan Segamat 
999 |a 0001789651   |b Book   |c Children Collection   |e Perbadanan Perpustakaan Awam Johor